Poesía árabe y poesía europea: con otros estudios de literatura medieval
Saved in:
| Format: | Book |
|---|---|
| Language: | Spanish |
| Published: |
Madrid
Espasa-Calpe
1973
|
| Edition: | 6a. ed |
| Series: | Colección Austral, 190
|
| Subjects: | |
| Tags: |
Add Tag
No Tags, Be the first to tag this record!
|
MARC
| LEADER | 00000nam a2200000 a 4500 | ||
|---|---|---|---|
| 001 | UCO5067 | ||
| 003 | CL-VaPUC | ||
| 005 | 20230316164748.0 | ||
| 008 | 000825e19730000SP |||||||||||||||||spa|d | ||
| 999 | |c 291021 |d 291019 | ||
| 040 | |c Pontificia Universidad Católica de Valparaíso | ||
| 082 | 0 | 4 | |a 864 |b MEN |2 21 |
| 245 | 1 | 0 | |a Poesía árabe y poesía europea: con otros estudios de literatura medieval |
| 250 | |a 6a. ed | ||
| 260 | |a Madrid |b Espasa-Calpe |c 1973 | ||
| 300 | |a 209 p | ||
| 490 | 0 | |a Colección Austral, 190 | |
| 583 | |a last modification |c 20000825 00:00:00 |k Rodrigo Vera | ||
| 650 | 0 | |a Poesía árabe |9 342321 | |
| 650 | 7 | |a POESIA EUROPEA |2 CL-VaPUC |9 342322 | |
| 650 | 0 | |a Ensayos españoles |9 313128 | |
| 942 | |c BK |2 ddc | ||
| 945 | |d 20000825 00:00:00 |a crobeson | ||